Rice ratooning
Zapisane w:
| Korporacja: | |
|---|---|
| Format: | Książka |
| Język: | Undetermined |
| Wydane: |
Manila
International Rice Research Institute
1988
|
| Hasła przedmiotowe: | |
| Etykiety: |
Dodaj etykietę
Nie ma etykietki, Dołącz pierwszą etykiete!
|
| Thư viện lưu trữ: | Trung tâm Học liệu Trường Đại học Cần Thơ |
|---|
| LEADER | 00559nam a2200193Ia 4500 | ||
|---|---|---|---|
| 001 | CTU_12923 | ||
| 008 | 210402s9999 xx 000 0 und d | ||
| 082 | |a 633.18 | ||
| 082 | |b I.71 | ||
| 110 | |a International Rice Research Institute | ||
| 245 | 0 | |a Rice ratooning | |
| 245 | 0 | |c International Rice Research Institute | |
| 260 | |a Manila | ||
| 260 | |b International Rice Research Institute | ||
| 260 | |c 1988 | ||
| 650 | |a Rice,Cropping systems,Rice | ||
| 650 | |x Growth | ||
| 910 | |a Huỳnh Mai | ||
| 980 | |a Trung tâm Học liệu Trường Đại học Cần Thơ | ||